| 000 | 01491cad a22002415a 4500 | ||
|---|---|---|---|
| 001 | L148410 | ||
| 008 | 090915s2009 xxkd f f000 0 eng d | ||
| 035 | _a(Sirsi) u148410 | ||
| 041 | 0 | _aeng | |
| 050 | 0 | 4 | _a343.410994 $2 18 |
| 110 | 2 |
_aUnited Kingdom _bDepartment for Business, Innovation and Skills _95760 |
|
| 245 | 0 | 0 |
_aOverhead deployment of telecommunications cables _ba consultation on whether it is appropriate to amend the Electronics Communications Code _h[electronic resource] |
| 260 |
_aLondon _bBIS _c2009 |
||
| 505 | 2 | _aExecutive summary -- How to respond -- Confidentiality and data protection -- Help with queries -- The Electronic Communications Code -- The proposal -- Cost and benefits -- Key issues -- Impact assessment -- What happens next | |
| 520 | _aConsultation examines whether it is appropriate to relax restrictions of the Electronic Communications Code on overhead deployment of communications cables to allow next generation super fast broadband in areas which might not otherwise be covered by these services. This would permit cheaper methods of providing Next Generation Access than using underground cables. | ||
| 520 | _aDeadline for comments is 27 November 2009. | ||
| 521 | _aAdvanced | ||
| 590 | _aKA NTK | ||
| 651 | 4 |
_aUnited Kingdom _y |
|
| 690 | _aPROPERTY-INFRASTRUCTURE-TELECOMMUNICATIONS INFRASTRUCTURE | ||
| 856 | 4 | 0 |
_uhttps://www.berr.gov.uk/files/file52419.pdf _zView the consultation free of charge at www.berr.gov.uk... |
| 942 | _n0 | ||
| 999 |
_c110035 _d110035 |
||